[Event "CZE-ch U14 Girls"]
[Site "Kouty nad Desnou"]
[Date "2015.03.11"]
[Round "6"]
[White "Encinas, Michelle Diane"]
[Black "Koucha, Maryam Amina"]
[Result "1/2-1/2"]
[WhiteElo "1203"]
[BlackElo "1542"]
[PlyCount "49"]
[EventDate "2015.03.07"]
[EventType "swiss"]
[EventRounds "9"]
[EventCountry "CZE"]
[SourceTitle "EXT 2017"]
[Source "ChessBase"]
[SourceDate "2016.10.25"]
[SourceVersion "1"]
[SourceVersionDate "2016.10.25"]
[SourceQuality "1"]

1. e4 c5 2. d4 cxd4 3. c3 Nf6 4. e5 Nd5 5. cxd4 Nc6 6. Nc3 Nb6 7. Nf3 d6 8. exd6 Qxd6 9. Be2 Bg4 10. Be3 e6 11. 0-0 Be7 12. Rc1 0-0 13. a3 Nd5 14. Nxd5 Qxd5 15. Re1 Bf6 16. Qd2 Rad8 17. Red1 Na5 18. Rc5 Qxc5 19. dxc5 Rxd2 20. Rxd2 Bxf3 21. gxf3 g6 22. b4 Nc6 23. Bb5 Ne5 24. Kg2 h5 25. Bd4 1/2-1/2